00381cam a2200157ua 45000010005000000080039000050400009000440820013000531000027000662450039000932500009001322600036001413000014001776530018001916530014002093953111209n ii |||gr||||Z||||||asm cMAIN a891.45111 aBezbarua, Lakshminath,11aKadamkalicby Lakshminath Bezbarua a1st. aGuwahati:bSahitya akademi,964. a130p:5cm. aAssamese poem aKadamkali